| 000 | 00000nam##2200000za#4500 |
| 001 | 9.642616 |
| 003 | CaOODSP |
| 005 | 20210624223805 |
| 007 | cr ||||||||||| |
| 008 | 150407|2014||||xxc|||||o f|0| 0 fre|d |
| 020 | |a978-0-660-21451-1 |
| 040 | |aCaOODSP|bfre |
| 043 | |an-cn--- |
| 086 | 1 |aIu37-3/2013F-PDF |
| 110 | 1 |aCanada.|bIndustrie Canada. |bOffice des technologies industrielles. |
| 245 | 10|aProgramme de démonstration de technologie - guide de programme |h[ressource électronique] |
| 260 | |aOttawa - Ontario : |bIndustrie Canada. |cAvril 2014. |
| 300 | |a9p.|btableaux |
| 500 | |aLe n° de catalogue (Iu37-3/2013E-PDF) et le n° ISBN (978-1-100-22899-0) de la version anglaise ont été incorrectement copiés dans cette publication électronique. |
| 590 | |a14-19|b2014-05-09 |
| 691 | 07|aPolitique technologique|2gcpds |
| 691 | 07|aTechnologie industrielle|2gcpds |
| 775 | 08|tTechnology Demonstration Program - program guide |w(CaOODSP)9.698609 |
| 776 | 0#|tTechnology Demonstration Program |w(CaOODSP)9.677715 |
| 776 | 0#|tProgramme de démonstration de technologies |w(CaOODSP)9.677716 |
| 856 | 40|ahttp://publications.gc.ca|qPDF|s69 Ko|uhttps://publications.gc.ca/collections/collection_2014/ic/Iu37-3-2013-fra.pdf |